000 00244nam a22000977a 4500
008 250823b |||||||| |||| 00| 0 eng d
020 _a9781569319383
100 _aToriyama Akira
_97847
245 _aDragon Ball-9
260 _aUSA
_bShonen Jump
_c2021
999 _c12814
_d12814